000 02261nam a22005657a 4500
001 760
005 20230731081310.0
008 230706b cb ||||| |||| 00| 0 eng d
020 _a9780545908948
_q(paperback)
020 _a0545908949
_q(paperback)
020 _a9781536402186
_q(library binding)
020 _a1536402184
_q(library binding)
040 _aYDXCP
_beng
_cYDXCP
_erda
_dBTCTA
_dOCLCQ
_dGKX
_dBDX
_dVTL
_dFMG
_dOCLCO
_dOCLCF
_dOCLCO
_dIHX
_dOCL
_dIHX
_dTXMLI
_dOCL
_dEHH
_dDLC
050 0 0 _aPZ7.S42673
_bLe 2017
082 0 4 _a[E]
_223
100 1 _aScott, Lisa Ann,
_eauthor.
245 1 0 _aEnchanted pony academy :
_bLet it glow /
_cLisa Ann Scott ; illustrated by Heather Burns.
260 _aLondon :
_bScholastic,
_c2017.
300 _a116 pages :
_billustrations ;
_c20 cm.
490 1 _aEnchanted Pony Academy ;
_vBook 3
500 _aContains excerpts of the next Enchanted Pony Academy series "Dream the Sparkle".
505 _aK
520 _aDiscouraged when she realizes it's harder than she thought to ride with the children, Electra hopes she can find her perfect match and become a royal pony.
521 0 _a520
_bLexile
521 0 _aK
_bRaz-Plus
650 0 _aPonies
_vJuvenile fiction.
650 0 _aChildren with disabilities
_vJuvenile fiction.
650 0 _aSchools
_vJuvenile fiction.
650 0 _aMagic
_vJuvenile fiction.
650 1 _aPonies
_vFiction.
650 1 _aChildren with disabilities
_vFiction.
650 1 _aSchools
_vFiction.
650 1 _aMagic
_vFiction.
650 4 _aPonies
_vFiction.
650 4 _aschools
_yfiction.
650 4 _aChildren with Disabilities
_vFiction.
650 4 _amagic
_vfiction.
650 7 _aChildren with disabilities.
_2fast
_0(OCoLC)fst00855544
650 7 _aMagic.
_2fast
_0(OCoLC)fst01005468
650 7 _aPonies.
_2fast
_0(OCoLC)fst01070964
650 7 _aSchools.
_2fast
_0(OCoLC)fst01107958
655 4 _aPONIES
_vJuvenile Fiction.
655 7 _aFantasy fiction.
_2fast
_0(OCoLC)fst01726607
655 7 _aFiction.
_2fast
_0(OCoLC)fst01423787
655 7 _aJuvenile works.
_2fast
_0(OCoLC)fst01411637
655 7 _aFantasy fiction.
_2lcgft
700 1 _aBurns, Heather,
_eillustrator.
906 _a7
_bcbc
_ccopycat
_d2
_encip
_f20
_gy-gencatlg
942 _2ddc
_cBK
_n0
999 _c760
_d760